000 02586nam a22005777a 4500
001 814389920
003 OCoLC
005 20210419122642.0
008 121019s2013 nyua b 001 0 eng
010 _a 2012042765
016 7 _a101594395
_2DNLM
016 7 _a016315457
_2Uk
020 _a9780071792189 (soft cover : alk. paper)
020 _a007179218X (soft cover : alk. paper)
035 _a(OCoLC)814389920
040 _aDNLM/DLC
_beng
_cDLC
_dYDX
_dNLM
_dOCLCO
_dYDXCP
_dUKMGB
_dOCLCO
041 _aeng
042 _apcc
049 _aYYEA, VZYM
080 _a612.67
_bE-80
096 _aWT 100 K162e 2013
100 1 _aKane, Robert L.,
_d1940-
245 1 0 _aEssentials of clinical geriatrics /
_cRobert L. Kane ... [et al.].
250 _a7th ed.
260 _aNew York :
_bMcGraw-Hill Education / Medical,
_cc2013.
300 _axvii, 506 p. :
_bill. (some col.) ;
_c23 cm.
500 _aEINSTEIN & MMC: available online via AccessMedicine. See Reference staff for assistance.
504 _aIncludes bibliographical references and index.
505 0 _aClinical implications of the aging process -- The geriatric patient : demography, epidemiology, and health services utilization -- Evaluating the geriatric patient -- Chronic disease management -- Prevention -- Confusion : delirium and dementia -- Diagnosis and management of depression -- Incontinence -- Falls -- Immobility -- Cardiovascular disorders -- Decreased vitality -- Sensory impairment -- Drug therapy -- Health services -- Nursing home care -- Ethical issues in the care of older persons -- Palliative care.
590 _ac.1 10066573 Ritt 9/10/13 $65.00.
650 2 _aGeriatrics.
650 2 _aAged.
650 2 _aAging
_xphysiology.
650 2 _aAging
_xpsychology.
650 2 _aDiagnosis, Differential.
650 0 _aMedicine
_969
650 2 _aGeriatric Assessment.
653 _aგერიატრია
653 _aდაბერება
653 _aმედიცინა
653 _aფსიქოლოგია
653 _aფიზიოლოგია
655 7 _aElectronic books.
700 _9304
_aOuslander, G. Joseph
700 _9305
_aAbrass, B. Itamar
700 _9306
_aResnick, Barbara
710 2 _aAccessMedicine (Online service)
856 4 0 _uhttps://elibrary.einsteinmed.org/login?url=https://accessmedicine.mhmedical.com/book.aspx?bookid=678
_zEINSTEIN: AccessMedicine ebook collection
856 4 1 _uhttps://accessmedicine.mhmedical.com/book.aspx?bookid=678
_zMMC: AccessMedicine ebook collection
942 _2udc
_cBK
_e7
999 _c403
_d403